| 000 | 00732nam a2200229 i 4500 | ||
|---|---|---|---|
| 001 | 100967 | ||
| 003 | ES-MaACL | ||
| 005 | 20240322170305.0 | ||
| 007 | t| | ||
| 008 | 051010s1955 sp ||||1| spa d | ||
| 100 | 1 |
_aMaugham, W. Somerset. _979192 |
|
| 245 | 1 | 0 |
_aCada vida es un mundo / _cnarraciones de W. Somerset Maugham; [traducción de J. Romero de Tejada y Juan G. de Luaces]. |
| 250 | _a[1ª ed.]. | ||
| 260 |
_aBarcelona : _bJosé Janés, _c1955. |
||
| 300 |
_a215 p. ; _c17 cm. |
||
| 490 | 1 | _aclub de los lectores | |
| 700 | 1 |
_aRomero de Tejada, J. _999376 |
|
| 700 | 1 |
_aLuaces, Juan G. de. _974483 |
|
| 830 | 0 |
_aClub de los lectores _9181243 |
|
| 852 |
_aES-MaACL _jC-10707 _bR.37451 |
||
| 999 |
_c100967 _d100967 |
||